[Event "DVM U20 2018"]
[Site "Osnabrück GER"]
[Date "2018.12.27"]
[Round "1"]
[White "Gerlach, Felix"]
[Black "Gerold, Robin"]
[Result "1-0"]
[Termination "normal"]
[Board "3.4"]
[WhiteElo "2050"]
[BlackElo "1511"]
[WhiteClock "00:52:20"]
[BlackClock "00:07:25"]
[WhiteTeam "SF Brackel"]
[BlackTeam "SF HN-Biberach 1978 e.V."]
[PlyCount "95"]
[WhiteFideId "12957690"]
[BlackFideId "16235185"]
[EventCountry "GER"]
[EventRounds "7"]
[EventType "team-swiss"]
[EventDate "2018.12.26"]

1. e4 {[%clk 1:30:57]} c6 {[%clk 1:30:52]} 2. d4 {[%clk 1:31:21]} d5 {[%clk
1:31:17]} 3. e5 {[%clk 1:31:43]} Bf5 {[%clk 1:31:26]} 4. Nd2 {[%clk 1:31:32]}
e6 {[%clk 1:31:19]} 5. Nb3 {[%clk 1:31:57]} Nd7 {[%clk 1:31:10]} 6. Nf3 {[%clk
1:32:14]} c5 {[%clk 1:24:33]} 7. dxc5 {[%clk 1:31:13]} Bxc5 {[%clk 1:22:55]} 8.
Nxc5 {[%clk 1:27:26]} Nxc5 {[%clk 1:23:17]} 9. Bb5+ {[%clk 1:27:09]} Nd7 {[%clk
1:23:38]} 10. O-O {[%clk 1:26:22]} Ne7 {[%clk 1:23:14]} 11. Bg5 {[%clk
1:23:22]} O-O {[%clk 1:20:22]} 12. c4 {[%clk 1:23:18]} Nb6 {[%clk 1:18:53]} 13.
c5 {[%clk 1:14:10]} Nd7 {[%clk 0:52:48]} 14. b4 {[%clk 1:12:51]} a6 {[%clk
0:52:44]} 15. Ba4 {[%clk 1:12:37]} Qe8 {[%clk 0:44:16]} 16. Nd4 {[%clk
1:09:28]} Bg6 {[%clk 0:40:36]} 17. Rc1 {[%clk 1:09:25]} Rc8 {[%clk 0:39:35]}
18. Qe2 {[%clk 1:07:53]} h6 {[%clk 0:37:26]} 19. Bh4 {[%clk 1:07:22]} Nf5
{[%clk 0:26:58]} 20. Nxf5 {[%clk 1:04:50]} Bxf5 {[%clk 0:27:22]} 21. c6 {[%clk
1:04:14]} bxc6 {[%clk 0:26:43]} 22. Bxc6 {[%clk 1:04:03]} Rc7 {[%clk 0:26:52]}
23. Qxa6 {[%clk 0:59:41]} Qc8 {[%clk 0:27:08]} 24. Qxc8 {[%clk 0:59:09]} Rfxc8
{[%clk 0:27:30]} 25. Bxd7 {[%clk 0:59:27]} Rxc1 {[%clk 0:27:42]} 26. Bxc8
{[%clk 0:59:49]} Rxc8 {[%clk 0:28:06]} 27. Be7 {[%clk 0:59:36]} Bd3 {[%clk
0:27:02]} 28. Ra1 {[%clk 0:58:51]} Ra8 {[%clk 0:27:19]} 29. a4 {[%clk 0:58:52]}
Bc4 {[%clk 0:27:18]} 30. f4 {[%clk 0:58:00]} Ra7 {[%clk 0:23:54]} 31. Bc5
{[%clk 0:57:33]} Ra8 {[%clk 0:24:06]} 32. Ra3 {[%clk 0:56:49]} f6 {[%clk
0:24:00]} 33. exf6 {[%clk 0:55:33]} gxf6 {[%clk 0:24:25]} 34. b5 {[%clk
0:55:32]} Kf7 {[%clk 0:23:52]} 35. b6 {[%clk 0:55:06]} Ba6 {[%clk 0:21:21]} 36.
Bd6 {[%clk 0:54:00]} Bb7 {[%clk 0:21:32]} 37. Rc3 {[%clk 0:53:18]} Ke8 {[%clk
0:20:41]} 38. Rc7 {[%clk 0:53:28]} Bc8 {[%clk 0:16:26]} 39. Rxc8+ {[%clk
0:51:04]} Rxc8 {[%clk 0:16:47]} 40. b7 {[%clk 0:51:23]} Rc1+ {[%clk 0:16:45]}
41. Kf2 {[%clk 0:51:48]} Rc2+ {[%clk 0:16:57]} 42. Kg3 {[%clk 0:52:12]} Rc3+
{[%clk 0:17:13]} 43. Kh4 {[%clk 0:52:26]} Rc4 {[%clk 0:10:17]} 44. b8=Q+ {[%clk
0:52:28]} Kd7 {[%clk 0:10:37]} 45. Kh5 {[%clk 0:52:15]} Rc6 {[%clk 0:09:14]}
46. Bb4 {[%clk 0:52:16]} d4 {[%clk 0:07:12]} 47. Qa7+ {[%clk 0:52:20]} Ke8
{[%clk 0:07:25]} 48. Qe7# 1-0

[Event "DVM U20 2018"]
[Site "Osnabrück GER"]
[Date "2018.12.27"]
[Round "1"]
[White "Fischer, Patrick"]
[Black "Wastian, Jan"]
[Result "1/2-1/2"]
[Termination "normal"]
[Board "3.5"]
[WhiteElo "1658"]
[BlackElo "1924"]
[WhiteClock "00:19:58"]
[BlackClock "00:20:03"]
[WhiteTeam "SF HN-Biberach 1978 e.V."]
[BlackTeam "SF Brackel"]
[PlyCount "86"]
[WhiteFideId "12953075"]
[BlackFideId "12911640"]
[EventCountry "GER"]
[EventRounds "7"]
[EventType "team-swiss"]
[EventDate "2018.12.26"]

1. e4 {[%clk 1:30:55]} c6 {[%clk 1:30:32]} 2. Nf3 {[%clk 1:30:00]} d5 {[%clk
1:30:43]} 3. exd5 {[%clk 1:30:11]} cxd5 {[%clk 1:31:04]} 4. d4 {[%clk 1:30:16]}
Nc6 {[%clk 1:28:07]} 5. c3 {[%clk 1:28:15]} Nf6 {[%clk 1:23:58]} 6. Be2 {[%clk
1:21:08]} Bf5 {[%clk 1:13:56]} 7. O-O {[%clk 1:21:03]} h6 {[%clk 1:08:33]} 8.
Nbd2 {[%clk 1:18:57]} e6 {[%clk 1:07:13]} 9. Qb3 {[%clk 1:09:24]} Qc7 {[%clk
1:04:29]} 10. Re1 {[%clk 1:04:53]} Be7 {[%clk 0:59:18]} 11. Nf1 {[%clk
1:04:02]} O-O {[%clk 0:58:04]} 12. Ng3 {[%clk 1:02:44]} Bh7 {[%clk 0:55:32]}
13. Bf1 {[%clk 0:40:37]} Bd6 {[%clk 0:52:47]} 14. Qd1 {[%clk 0:35:55]} a6
{[%clk 0:49:32]} 15. Bd3 {[%clk 0:33:07]} Bxd3 {[%clk 0:48:05]} 16. Qxd3 {[%clk
0:33:28]} b5 {[%clk 0:46:34]} 17. b4 {[%clk 0:24:21]} Qb6 {[%clk 0:36:37]} 18.
a3 {[%clk 0:21:49]} a5 {[%clk 0:34:20]} 19. Be3 {[%clk 0:20:03]} Ra7 {[%clk
0:32:42]} 20. Nd2 {[%clk 0:17:38]} Rfa8 {[%clk 0:29:18]} 21. Nb3 {[%clk
0:17:56]} axb4 {[%clk 0:25:28]} 22. axb4 {[%clk 0:18:15]} Ra3 {[%clk 0:23:38]}
23. Bd2 {[%clk 0:05:36]} R8a6 {[%clk 0:19:48]} 24. Qc2 {[%clk 0:04:20]} Qa7
{[%clk 0:18:14]} 25. Rxa3 {[%clk 0:02:03]} Rxa3 {[%clk 0:18:35]} 26. Nf1 {[%clk
0:02:13]} Ra2 {[%clk 0:15:32]} 27. Qb1 {[%clk 0:02:36]} Ne7 {[%clk 0:11:08]}
28. Na5 {[%clk 0:01:29]} Ra4 {[%clk 0:10:39]} 29. Qb2 {[%clk 0:00:55]} Bc7
{[%clk 0:10:01]} 30. Nb3 {[%clk 0:00:52]} Ra2 {[%clk 0:09:43]} 31. Ra1 {[%clk
0:00:50]} Ra4 {[%clk 0:05:29]} 32. Qb1 {[%clk 0:00:40]} Ne4 {[%clk 0:04:21]}
33. Rxa4 {[%clk 0:00:48]} Qxa4 {[%clk 0:03:55]} 34. Nc5 {[%clk 0:01:07]} Nxc5
{[%clk 0:03:57]} 35. dxc5 {[%clk 0:00:32]} Be5 {[%clk 0:03:22]} 36. Qd3 {[%clk
0:00:56]} Qa6 {[%clk 0:02:20]} 37. g3 {[%clk 0:01:06]} Bf6 {[%clk 0:02:00]} 38.
Ne3 {[%clk 0:01:12]} Nc6 {[%clk 0:01:14]} 39. Ng4 {[%clk 0:00:36]} Be7 {[%clk
0:01:04]} 40. Ne3 {[%clk 0:00:41]} Ne5 {[%clk 0:00:47]} 41. Qe2 {[%clk
0:30:41]} Bf6 {[%clk 0:26:45]} 42. Nc2 {[%clk 0:20:31]} Nc4 {[%clk 0:24:13]}
43. Be1 {[%clk 0:19:58]} Kf8 {[%clk 0:20:03]} 1/2-1/2

[Event "DVM U20 2018"]
[Site "Osnabrück GER"]
[Date "2018.12.27"]
[Round "1"]
[White "Elier, Ali"]
[Black "Späth, René"]
[Result "1-0"]
[Termination "normal"]
[Board "3.6"]
[WhiteElo "1989"]
[BlackElo "1626"]
[WhiteClock "00:45:47"]
[BlackClock "00:26:06"]
[WhiteTeam "SF Brackel"]
[BlackTeam "SF HN-Biberach 1978 e.V."]
[PlyCount "73"]
[WhiteFideId "16217543"]
[BlackFideId "16224272"]
[EventCountry "GER"]
[EventRounds "7"]
[EventType "team-swiss"]
[EventDate "2018.12.26"]

1. e4 {[%clk 1:30:45]} c5 {[%clk 1:30:54]} 2. d4 {[%clk 1:31:11]} cxd4 {[%clk
1:31:19]} 3. c3 {[%clk 1:31:36]} Nf6 {[%clk 1:31:43]} 4. e5 {[%clk 1:32:01]}
Nd5 {[%clk 1:32:07]} 5. Nf3 {[%clk 1:32:27]} d6 {[%clk 1:30:41]} 6. cxd4 {[%clk
1:30:37]} Nc6 {[%clk 1:29:29]} 7. a3 {[%clk 1:29:45]} Bg4 {[%clk 1:26:30]} 8.
Qb3 {[%clk 1:26:49]} Nb6 {[%clk 1:23:35]} 9. Ng5 {[%clk 1:17:11]} e6 {[%clk
1:21:33]} 10. Bb5 {[%clk 1:15:30]} Rc8 {[%clk 1:11:24]} 11. Nc3 {[%clk
1:11:00]} Be7 {[%clk 1:06:55]} 12. Nge4 {[%clk 1:09:22]} d5 {[%clk 1:02:23]}
13. Ng3 {[%clk 1:08:16]} O-O {[%clk 1:02:13]} 14. Bxc6 {[%clk 1:08:01]} Rxc6
{[%clk 1:02:26]} 15. h3 {[%clk 1:02:02]} Bf5 {[%clk 0:59:09]} 16. Nxf5 {[%clk
1:01:51]} exf5 {[%clk 0:59:33]} 17. O-O {[%clk 0:58:37]} Qd7 {[%clk 0:56:29]}
18. a4 {[%clk 0:56:19]} Rc4 {[%clk 0:52:49]} 19. a5 {[%clk 0:50:59]} Nc8 {[%clk
0:53:05]} 20. Be3 {[%clk 0:50:18]} Rd8 {[%clk 0:51:31]} 21. Rfc1 {[%clk
0:47:58]} Rb4 {[%clk 0:39:16]} 22. Qxd5 {[%clk 0:48:10]} Qxd5 {[%clk 0:39:17]}
23. Nxd5 {[%clk 0:48:32]} Rxd5 {[%clk 0:39:40]} 24. Rxc8+ {[%clk 0:48:58]} Bf8
{[%clk 0:40:05]} 25. Rac1 {[%clk 0:48:23]} h6 {[%clk 0:32:13]} 26. Re8 {[%clk
0:48:22]} f4 {[%clk 0:31:00]} 27. Rcc8 {[%clk 0:48:18]} fxe3 {[%clk 0:30:55]}
28. Rxf8+ {[%clk 0:48:42]} Kh7 {[%clk 0:31:21]} 29. fxe3 {[%clk 0:48:42]} Rxb2
{[%clk 0:31:29]} 30. Rxf7 {[%clk 0:48:48]} Rxa5 {[%clk 0:31:17]} 31. Rcc7
{[%clk 0:48:36]} Kg6 {[%clk 0:28:40]} 32. e6 {[%clk 0:45:44]} Ra3 {[%clk
0:28:29]} 33. Rf3 {[%clk 0:45:52]} Rb6 {[%clk 0:28:17]} 34. d5 {[%clk 0:44:51]}
Rbb3 {[%clk 0:26:31]} 35. d6 {[%clk 0:44:58]} Rxe3 {[%clk 0:25:41]} 36. Rxe3
{[%clk 0:45:22]} Rxe3 {[%clk 0:26:06]} 37. d7 {[%clk 0:45:47]} 1-0

[Event "DVM U20 2018"]
[Site "Osnabrück GER"]
[Date "2018.12.27"]
[Round "1"]
[White "Pluska, Alexander"]
[Black "Thomsen, Phil"]
[Result "1/2-1/2"]
[Termination "normal"]
[Board "4.1"]
[WhiteElo "2224"]
[BlackElo "2134"]
[WhiteClock "00:11:02"]
[BlackClock "00:26:35"]
[WhiteTeam "SK Doppelbauer Kiel"]
[BlackTeam "SGes Bensheim"]
[PlyCount "99"]
[WhiteFideId "12975141"]
[BlackFideId "12955736"]
[EventCountry "GER"]
[EventRounds "7"]
[EventType "team-swiss"]
[EventDate "2018.12.26"]

1. Nf3 {[%clk 1:31:18]} d5 {[%clk 1:30:46]} 2. d4 {[%clk 1:31:38]} Nf6 {[%clk
1:31:09]} 3. c4 {[%clk 1:31:56]} e6 {[%clk 1:30:57]} 4. Nc3 {[%clk 1:32:22]} c5
{[%clk 1:26:46]} 5. cxd5 {[%clk 1:32:47]} Nxd5 {[%clk 1:24:07]} 6. e4 {[%clk
1:33:04]} Nxc3 {[%clk 1:14:03]} 7. bxc3 {[%clk 1:27:05]} Be7 8. Be3 Qa5 {[%clk
1:08:25]} 9. Nd2 {[%clk 1:27:17]} O-O {[%clk 0:59:12]} 10. Be2 {[%clk 1:24:34]}
Qxc3 11. Rc1 {[%clk 1:24:59]} Qa5 {[%clk 0:59:02]} 12. dxc5 {[%clk 1:25:07]}
Bd7 {[%clk 0:50:02]} 13. O-O {[%clk 1:23:27]} Bb5 {[%clk 0:48:59]} 14. Nb3
{[%clk 1:23:46]} Qa6 {[%clk 0:49:25]} 15. Bxb5 {[%clk 1:21:24]} Qxb5 {[%clk
0:45:08]} 16. Nd4 {[%clk 1:16:05]} Qd7 {[%clk 0:40:21]} 17. Qe2 {[%clk
1:16:24]} Rd8 {[%clk 0:39:02]} 18. Rfd1 {[%clk 1:13:37]} Qa4 {[%clk 0:39:12]}
19. Rc4 {[%clk 1:04:08]} Qa6 {[%clk 0:38:16]} 20. Qc2 {[%clk 0:50:47]} Nc6
{[%clk 0:36:53]} 21. Rb1 {[%clk 0:47:24]} Nxd4 {[%clk 0:34:49]} 22. Bxd4 {[%clk
0:36:28]} Rac8 {[%clk 0:29:33]} 23. g3 {[%clk 0:36:21]} h6 {[%clk 0:29:00]} 24.
Qa4 {[%clk 0:36:46]} Qxa4 {[%clk 0:29:00]} 25. Rxa4 {[%clk 0:36:46]} a6 {[%clk
0:29:00]} 26. Be3 {[%clk 0:23:13]} Rd7 27. Rc1 {[%clk 0:23:37]} Rdc7 {[%clk
0:25:48]} 28. Rb1 {[%clk 0:24:03]} Rd7 {[%clk 0:25:43]} 29. Rc1 {[%clk
0:17:46]} Rc6 30. Kg2 {[%clk 0:18:10]} Rdc7 {[%clk 0:25:00]} 31. Ra5 {[%clk
0:12:28]} Rc8 {[%clk 0:22:05]} 32. h3 {[%clk 0:12:50]} Bd8 33. Ra3 {[%clk
0:13:16]} Be7 {[%clk 0:17:38]} 34. Ra5 {[%clk 0:09:18]} Kf8 {[%clk 0:13:41]}
35. Bf4 {[%clk 0:09:19]} Rxc5 36. Raxc5 {[%clk 0:09:34]} Rxc5 {[%clk 0:13:37]}
37. Rb1 {[%clk 0:06:58]} Rb5 {[%clk 0:11:07]} 38. Rxb5 {[%clk 0:06:47]} axb5
39. Be3 {[%clk 0:07:02]} Ke8 {[%clk 0:10:57]} 40. Kf3 {[%clk 0:05:36]} Kd7
{[%clk 0:11:42]} 41. Ke2 {[%clk 0:05:36]} Kc6 {[%clk 0:11:42]} 42. Kd3 {[%clk
0:06:20]} Bc5 {[%clk 0:00:34]} 43. Bd4 {[%clk 0:04:04]} f6 {[%clk 0:26:10]} 44.
f4 {[%clk 0:11:02]} b4 {[%clk 0:26:35]} 45. Bb2 {[%clk 0:11:02]} Kb5 {[%clk
0:26:35]} 46. g4 {[%clk 0:11:02]} Bd6 {[%clk 0:26:35]} 47. f5 {[%clk 0:11:02]}
e5 {[%clk 0:26:35]} 48. Bc1 {[%clk 0:11:02]} Bc5 {[%clk 0:26:35]} 49. h4 {[%clk
0:11:02]} Bf2 {[%clk 0:26:35]} 50. g5 {[%clk 0:11:02]} 1/2-1/2

[Event "DVM U20 2018"]
[Site "Osnabrück GER"]
[Date "2018.12.27"]
[Round "1"]
[White "Keller, Yannik"]
[Black "Beeck, Mats"]
[Result "1-0"]
[Termination "normal"]
[Board "4.2"]
[WhiteElo "1977"]
[BlackElo "2126"]
[WhiteClock "00:02:31"]
[BlackClock "00:03:14"]
[WhiteTeam "SGes Bensheim"]
[BlackTeam "SK Doppelbauer Kiel"]
[PlyCount "75"]
[WhiteFideId "12970204"]
[BlackFideId "12936944"]
[EventCountry "GER"]
[EventRounds "7"]
[EventType "team-swiss"]
[EventDate "2018.12.26"]

1. e4 {[%clk 1:30:57]} g6 {[%clk 1:30:37]} 2. d4 {[%clk 1:31:21]} Bg7 {[%clk
1:31:03]} 3. Nc3 {[%clk 1:31:47]} c6 {[%clk 1:31:04]} 4. Bc4 {[%clk 1:27:15]}
d6 {[%clk 1:24:05]} 5. f4 {[%clk 1:24:13]} b5 {[%clk 1:20:58]} 6. Bb3 {[%clk
1:20:59]} b4 {[%clk 1:19:00]} 7. Na4 {[%clk 1:18:27]} Nf6 {[%clk 1:17:11]} 8.
e5 {[%clk 1:15:35]} dxe5 {[%clk 1:12:56]} 9. fxe5 {[%clk 1:15:25]} Nd5 {[%clk
1:13:16]} 10. Nf3 {[%clk 1:13:12]} Na6 {[%clk 0:59:27]} 11. O-O {[%clk
1:10:44]} Bg4 {[%clk 0:52:39]} 12. h3 {[%clk 1:01:58]} Bxf3 {[%clk 0:52:54]}
13. Qxf3 {[%clk 1:02:02]} O-O {[%clk 0:53:09]} 14. Bg5 {[%clk 0:56:22]} f6
{[%clk 0:52:32]} 15. exf6 {[%clk 0:56:05]} exf6 {[%clk 0:52:51]} 16. Bh4 {[%clk
0:53:07]} Kh8 {[%clk 0:48:03]} 17. Qd3 {[%clk 0:50:14]} Nac7 {[%clk 0:45:42]}
18. Rae1 {[%clk 0:45:02]} g5 {[%clk 0:35:27]} 19. Bg3 {[%clk 0:43:20]} f5
{[%clk 0:34:54]} 20. Rxf5 {[%clk 0:42:08]} Rxf5 {[%clk 0:35:16]} 21. Qxf5
{[%clk 0:42:29]} Bxd4+ {[%clk 0:35:38]} 22. Kh2 {[%clk 0:39:01]} Qf6 {[%clk
0:34:26]} 23. Qg4 {[%clk 0:32:13]} Ne3 {[%clk 0:12:18]} 24. Rxe3 {[%clk
0:25:14]} Bxe3 {[%clk 0:12:39]} 25. Bxc7 {[%clk 0:25:02]} Re8 {[%clk 0:11:50]}
26. Qf3 {[%clk 0:13:18]} Qe7 {[%clk 0:09:38]} 27. Bg3 {[%clk 0:11:54]} Bd4
{[%clk 0:07:28]} 28. c3 {[%clk 0:11:06]} Rf8 {[%clk 0:06:35]} 29. Qd3 {[%clk
0:08:51]} Be5 {[%clk 0:05:35]} 30. cxb4 {[%clk 0:07:48]} h5 {[%clk 0:05:21]}
31. Bxe5+ {[%clk 0:06:37]} Qxe5+ {[%clk 0:05:48]} 32. Qg3 {[%clk 0:06:58]} Rf4
{[%clk 0:04:09]} 33. Qc3 {[%clk 0:03:15]} Rd4+ {[%clk 0:04:37]} 34. Kg1 {[%clk
0:03:16]} Qd6 {[%clk 0:03:35]} 35. Nc5 {[%clk 0:03:16]} Kh7 {[%clk 0:03:47]}
36. Qf3 {[%clk 0:02:21]} Kh6 {[%clk 0:03:33]} 37. Ne6 {[%clk 0:02:30]} Qe5
{[%clk 0:03:14]} 38. Qf8+ {[%clk 0:02:31]} 1-0

[Event "DVM U20 2018"]
[Site "Osnabrück GER"]
[Date "2018.12.27"]
[Round "1"]
[White "Arndt, Magnus"]
[Black "Kaiser, Frederic"]
[Result "1-0"]
[Termination "normal"]
[Board "4.3"]
[WhiteElo "2167"]
[BlackElo "1880"]
[WhiteClock "00:03:08"]
[BlackClock "00:00:56"]
[WhiteTeam "SK Doppelbauer Kiel"]
[BlackTeam "SGes Bensheim"]
[PlyCount "81"]
[WhiteFideId "12998656"]
[BlackFideId "16240618"]
[EventCountry "GER"]
[EventRounds "7"]
[EventType "team-swiss"]
[EventDate "2018.12.26"]

1. e4 {[%clk 1:30:57]} e6 {[%clk 1:30:54]} 2. d4 {[%clk 1:31:22]} d5 {[%clk
1:31:19]} 3. Nc3 {[%clk 1:31:48]} Bb4 {[%clk 1:31:30]} 4. Nge2 {[%clk 1:32:12]}
dxe4 {[%clk 1:31:51]} 5. a3 {[%clk 1:32:38]} Bxc3+ {[%clk 1:32:13]} 6. Nxc3
{[%clk 1:33:06]} Nc6 {[%clk 1:32:23]} 7. Bb5 {[%clk 1:33:28]} Nge7 {[%clk
1:32:35]} 8. Nxe4 {[%clk 1:31:09]} Qd5 {[%clk 1:28:13]} 9. Qd3 {[%clk 1:26:34]}
f5 {[%clk 1:17:32]} 10. Ng3 {[%clk 1:25:57]} O-O 11. O-O {[%clk 1:03:39]} Qxd4
{[%clk 1:10:26]} 12. Qe2 Nd5 13. Rd1 {[%clk 0:41:28]} Qe5 {[%clk 0:37:14]} 14.
Bxc6 {[%clk 0:40:48]} Qxe2 {[%clk 0:37:36]} 15. Nxe2 {[%clk 0:33:28]} bxc6
{[%clk 0:38:00]} 16. Nf4 {[%clk 0:29:56]} Rb8 {[%clk 0:36:46]} 17. Nd3 {[%clk
0:28:00]} Re8 {[%clk 0:32:15]} 18. Ne5 c5 19. c4 {[%clk 0:23:50]} Nf6 {[%clk
0:27:53]} 20. Rb1 {[%clk 0:21:04]} Ba6 {[%clk 0:26:46]} 21. Be3 Ne4 {[%clk
0:24:50]} 22. f3 {[%clk 0:17:02]} Rb3 {[%clk 0:24:13]} 23. Rd3 {[%clk 0:11:40]}
Rxd3 {[%clk 0:19:49]} 24. Nxd3 {[%clk 0:12:09]} Bxc4 {[%clk 0:20:01]} 25. Ne5
{[%clk 0:12:27]} Nd6 {[%clk 0:20:20]} 26. Bxc5 {[%clk 0:12:45]} Ba2 {[%clk
0:19:18]} 27. Ra1 {[%clk 0:11:21]} Bb3 {[%clk 0:19:25]} 28. Bxa7 {[%clk
0:11:25]} Nb5 29. Be3 {[%clk 0:09:54]} Rd8 {[%clk 0:14:07]} 30. Rc1 {[%clk
0:09:02]} Rd5 {[%clk 0:08:39]} 31. Nc6 Rd3 {[%clk 0:04:45]} 32. Kf2 {[%clk
0:07:31]} Kf8 {[%clk 0:04:54]} 33. Nb4 {[%clk 0:05:20]} Rd7 34. Rc5 {[%clk
0:04:09]} Ba4 {[%clk 0:02:44]} 35. b3 {[%clk 0:03:06]} Bxb3 {[%clk 0:01:18]}
36. Rxb5 {[%clk 0:03:29]} Ba4 {[%clk 0:01:42]} 37. Ra5 {[%clk 0:03:19]} Bb3
{[%clk 0:02:04]} 38. Rc5 {[%clk 0:02:51]} Ke7 {[%clk 0:01:42]} 39. Rc3 {[%clk
0:03:00]} Ba4 {[%clk 0:01:35]} 40. Bf4 {[%clk 0:03:08]} Kd8 {[%clk 0:00:56]}
41. Na6 1-0

[Event "DVM U20 2018"]
[Site "Osnabrück GER"]
[Date "2018.12.27"]
[Round "1"]
[White "Hennemann, Florian"]
[Black "Wanner, Lukas"]
[Result "0-1"]
[Termination "normal"]
[Board "4.4"]
[WhiteElo "1869"]
[BlackElo "2037"]
[WhiteClock "00:00:35"]
[BlackClock "00:00:58"]
[WhiteTeam "SGes Bensheim"]
[BlackTeam "SK Doppelbauer Kiel"]
[PlyCount "78"]
[WhiteFideId "16272692"]
[BlackFideId "12918148"]
[EventCountry "GER"]
[EventRounds "7"]
[EventType "team-swiss"]
[EventDate "2018.12.26"]

1. e4 {[%clk 1:30:58]} c5 {[%clk 1:30:45]} 2. Nf3 {[%clk 1:31:23]} d6 {[%clk
1:30:41]} 3. d4 {[%clk 1:31:45]} cxd4 {[%clk 1:31:04]} 4. Nxd4 {[%clk 1:32:10]}
Nf6 {[%clk 1:31:08]} 5. Nc3 {[%clk 1:32:34]} g6 {[%clk 1:31:25]} 6. Be3 {[%clk
1:32:42]} Bg7 {[%clk 1:31:26]} 7. f3 {[%clk 1:32:17]} O-O {[%clk 1:31:38]} 8.
Bc4 {[%clk 1:31:40]} Nc6 {[%clk 1:31:46]} 9. Qd2 {[%clk 1:30:08]} Bd7 {[%clk
1:31:34]} 10. O-O-O {[%clk 1:27:58]} Rc8 {[%clk 1:31:32]} 11. Nxc6 {[%clk
1:24:46]} Bxc6 {[%clk 1:26:34]} 12. Bb3 {[%clk 1:24:43]} a5 {[%clk 1:23:31]}
13. h4 {[%clk 1:21:19]} b5 {[%clk 1:18:01]} 14. Bh6 {[%clk 1:07:41]} a4 {[%clk
1:13:49]} 15. Bxg7 {[%clk 1:04:46]} Kxg7 {[%clk 1:14:04]} 16. Bd5 {[%clk
1:04:31]} b4 {[%clk 1:12:51]} 17. Ne2 {[%clk 1:04:14]} Bxd5 {[%clk 1:13:00]}
18. exd5 {[%clk 1:04:38]} b3 {[%clk 1:10:38]} 19. axb3 {[%clk 1:04:10]} axb3
{[%clk 1:11:01]} 20. Nc3 {[%clk 1:04:21]} bxc2 {[%clk 1:09:06]} 21. Kxc2 {[%clk
1:02:15]} Qa5 {[%clk 0:51:37]} 22. h5 Rc5 23. hxg6 {[%clk 0:32:53]} fxg6 {[%clk
0:51:52]} 24. Qe3 {[%clk 0:32:34]} Qc7 25. Qe6 {[%clk 0:19:27]} Rb8 {[%clk
0:29:33]} 26. Rd2 Rb7 {[%clk 0:14:46]} 27. Kd3 {[%clk 0:09:29]} Qa5 28. Ke2
{[%clk 0:06:55]} Rc4 {[%clk 0:10:26]} 29. Kf2 {[%clk 0:04:25]} Nh5 {[%clk
0:08:36]} 30. g4 {[%clk 0:03:01]} Nf4 {[%clk 0:08:35]} 31. Qe3 h6 {[%clk
0:05:18]} 32. g5 {[%clk 0:02:12]} h5 {[%clk 0:04:31]} 33. Ne4 {[%clk 0:02:01]}
Nxd5 {[%clk 0:04:19]} 34. Qd3 {[%clk 0:01:41]} Nb6 {[%clk 0:03:08]} 35. b3
{[%clk 0:01:26]} Rc6 {[%clk 0:02:49]} 36. Kg3 {[%clk 0:01:11]} Qe5+ {[%clk
0:02:47]} 37. f4 {[%clk 0:01:13]} Qf5 {[%clk 0:03:12]} 38. Qf3 {[%clk 0:00:33]}
Rbc7 {[%clk 0:02:19]} 39. Re1 {[%clk 0:00:35]} Nd7 {[%clk 0:00:58]} 0-1

[Event "DVM U20 2018"]
[Site "Osnabrück GER"]
[Date "2018.12.27"]
[Round "1"]
[White "Rieper, Julian"]
[Black "Pitz, Sebastian"]
[Result "1-0"]
[Termination "normal"]
[Board "4.5"]
[WhiteElo "2058"]
[BlackElo "1500"]
[WhiteClock "00:58:29"]
[BlackClock "00:21:13"]
[WhiteTeam "SK Doppelbauer Kiel"]
[BlackTeam "SGes Bensheim"]
[PlyCount "51"]
[WhiteFideId "12936960"]
[BlackFideId "16274806"]
[EventCountry "GER"]
[EventRounds "7"]
[EventType "team-swiss"]
[EventDate "2018.12.26"]

1. e4 {[%clk 1:30:57]} c5 {[%clk 1:30:53]} 2. Nf3 {[%clk 1:31:19]} d6 {[%clk
1:31:12]} 3. d4 {[%clk 1:31:29]} cxd4 {[%clk 1:31:30]} 4. Nxd4 {[%clk 1:31:53]}
Nf6 {[%clk 1:31:52]} 5. Nc3 {[%clk 1:31:59]} a6 {[%clk 1:31:56]} 6. Be2 {[%clk
1:31:03]} e5 {[%clk 1:31:40]} 7. Nb3 {[%clk 1:31:03]} b5 {[%clk 1:28:53]} 8.
Bg5 {[%clk 1:30:24]} Be7 {[%clk 1:27:37]} 9. Bxf6 {[%clk 1:28:31]} Bxf6 {[%clk
1:27:36]} 10. a4 {[%clk 1:27:17]} b4 {[%clk 1:23:01]} 11. Nd5 {[%clk 1:27:32]}
Nc6 {[%clk 1:19:26]} 12. O-O {[%clk 1:20:49]} O-O {[%clk 1:17:32]} 13. Qd2
{[%clk 1:18:02]} a5 {[%clk 1:12:51]} 14. Rad1 {[%clk 1:16:09]} Bg5 {[%clk
1:09:29]} 15. f4 exf4 {[%clk 1:06:14]} 16. Nxf4 {[%clk 1:15:49]} Qb6+ {[%clk
1:01:45]} 17. Kh1 Re8 {[%clk 0:58:25]} 18. Qd5 {[%clk 1:08:29]} Re5 {[%clk
0:52:42]} 19. Qxd6 {[%clk 1:07:31]} Rxe4 {[%clk 0:51:25]} 20. Nd5 {[%clk
1:05:42]} Qa7 {[%clk 0:41:32]} 21. Qxc6 {[%clk 1:00:49]} Rxe2 22. Nc5 Ba6
{[%clk 0:34:25]} 23. Nc7 {[%clk 1:00:15]} Ree8 {[%clk 0:25:49]} 24. N5xa6
{[%clk 0:59:13]} Rac8 {[%clk 0:24:15]} 25. Qb5 {[%clk 0:58:06]} Bd8 {[%clk
0:21:13]} 26. Qxe8# {[%clk 0:58:29]} 1-0

[Event "DVM U20 2018"]
[Site "Osnabrück GER"]
[Date "2018.12.27"]
[Round "1"]
[White "Simrock, Manuel"]
[Black "Karlisch, Moritz"]
[Result "0-1"]
[Termination "normal"]
[Board "4.6"]
[WhiteElo "1146"]
[BlackElo "1864"]
[WhiteClock "01:01:46"]
[BlackClock "00:51:36"]
[WhiteTeam "SGes Bensheim"]
[BlackTeam "SK Doppelbauer Kiel"]
[PlyCount "45"]
[WhiteFideId "16274814"]
[BlackFideId "12964859"]
[EventCountry "GER"]
[EventRounds "7"]
[EventType "team-swiss"]
[EventDate "2018.12.26"]

1. e4 {[%clk 1:30:56]} e6 {[%clk 1:30:52]} 2. d4 {[%clk 1:31:21]} d5 {[%clk
1:31:17]} 3. exd5 {[%clk 1:31:47]} exd5 {[%clk 1:31:37]} 4. Nf3 {[%clk
1:32:10]} Bd6 {[%clk 1:31:19]} 5. Bd3 {[%clk 1:32:20]} Ne7 {[%clk 1:30:54]} 6.
O-O {[%clk 1:32:18]} O-O {[%clk 1:30:28]} 7. Ne5 {[%clk 1:32:15]} Bf5 {[%clk
1:26:34]} 8. Re1 {[%clk 1:29:28]} Nd7 {[%clk 1:22:42]} 9. Nxd7 {[%clk 1:29:01]}
Qxd7 {[%clk 1:22:24]} 10. Nc3 {[%clk 1:27:02]} c6 {[%clk 1:18:47]} 11. Bg5
{[%clk 1:24:42]} Ng6 {[%clk 1:12:14]} 12. Ne2 {[%clk 1:16:42]} Rae8 {[%clk
1:08:45]} 13. Qd2 {[%clk 1:15:27]} Bxd3 {[%clk 1:03:33]} 14. Qxd3 {[%clk
1:14:20]} f6 {[%clk 1:02:25]} 15. Be3 {[%clk 1:13:07]} f5 {[%clk 1:00:35]} 16.
Bg5 {[%clk 1:10:37]} f4 {[%clk 0:56:34]} 17. Kh1 {[%clk 1:05:00]} Qg4 {[%clk
0:54:31]} 18. h4 {[%clk 1:03:39]} f3 {[%clk 0:51:33]} 19. Ng3 {[%clk 1:02:06]}
Rxe1+ {[%clk 0:51:16]} 20. Rxe1 {[%clk 1:02:27]} Nxh4 {[%clk 0:51:01]} 21. Bxh4
{[%clk 1:02:14]} Qxh4+ {[%clk 0:51:28]} 22. Kg1 {[%clk 1:02:36]} Bxg3 {[%clk
0:51:36]} 23. Qf1 {[%clk 1:01:46]} 0-1